000 00568nam a2200181Ia 4500
008 100920s9999 xx 000 0 und d
082 _b36388
_a491.462 थ 76
100 _aबोरकर कमलाकर.
245 _aसाक्षात्कार.
260 _bत्रदिल प्रकाशन, मुंबई 4.
_c1976
300 _a96
_bसाधी
365 _b5
520 _aनाटक.
630 _aसाक्षात्कार.
650 _aनाटक.
730 _aसाक्षात्कार.
942 _cBOOK
999 _c689545
_d689542